000 00284nam a2200121Ia 4500
008 190216s9999||||xx |||||||||||||| ||und||
100 _aNayar M G
245 0 _aEssays Of Orwell
260 _bMacmillan India Ltd
_c1980
300 _a159p
650 _aEnglish Literature
942 _cBK
999 _c14094
_d14094